|
|
|
|
| LEADER |
00686nta a2200193 i 4500 |
| 001 |
dipl95604 |
| 005 |
20201209080805.0 |
| 008 |
201208s1994 hu om 0|| zxx d |
| 040 |
|
|
|a SZTE Diploma Repozitórium
|b hun
|
| 041 |
|
|
|a zxx
|
| 100 |
1 |
|
|a Deés Andrea
|
| 245 |
1 |
0 |
|a Vajda János és az önkényuralomkori magyar tragédiaírás
|h [elektronikus dokumentum] :
|b tragédiák a Bánk bán nyomán? /
|c Andrea Deés
|
| 260 |
|
|
|c 1994
|
| 650 |
|
4 |
|a Pedagógusképzés
|
| 650 |
|
4 |
|a Humanities
|
| 650 |
|
4 |
|a Languages and Literature
|
| 650 |
|
4 |
|a Literary theory
|
| 700 |
1 |
|
|a Bene Kálmán
|e ths
|
| 856 |
4 |
0 |
|u http://diploma.bibl.u-szeged.hu/id/eprint/95604/1/1994_dees_andrea.pdf
|z Dokumentum-elérés
|